1934 : pokračovanie románu Bapa. Kniha druhá /
Saved in:
| Main Author: | |
|---|---|
| Other Authors: | |
| Format: | Book |
| Language: | Slovak Serbian |
| Published: |
Báčsky Petrovec :
Slovenské vydavateľské centrum,
2020.
|
| Series: | Mosty
|
| Subjects: | |
| ISBN: |
9788671035453 |
| Physical Description: |
255 strán : portrét ; 19 cm. |
| Tags: |
Add Tag
No Tags, Be the first to tag this record!
|
Titul je dostupný aj v ... 

MARC
| LEADER | 00000nam a2200000 i 4500 | ||
|---|---|---|---|
| 001 | 000682321 | ||
| 005 | 20220704081757.0 | ||
| 008 | 220602s2020 rb c g 000 fdslo d | ||
| 020 | |a 9788671035453 |q (brožované) | ||
| 040 | |a SVKKK |b slo |c SVKKK |e rda | ||
| 041 | 1 | |a slo |h srp | |
| 044 | |a rb |c RS | ||
| 072 | 7 | |a 821.163 |x Južnoslovanské literatúry |2 konspekt | |
| 080 | |a 821.163.41-31 |2 2011 | ||
| 080 | |a (0:82-31) |2 2011 | ||
| 100 | 1 | |a Vlahović, Radovan, |d 1958- |4 aut | |
| 240 | 1 | 0 | |a 1934. |l Slovensky |
| 245 | 1 | 0 | |a 1934 : |b pokračovanie románu Bapa. |n Kniha druhá / |c Radovan Vlahović ; preklad zo srbčiny Miroslav Gašpar. |
| 246 | 3 | |a Tisícdeväťstotridsaťštyri | |
| 264 | 1 | |a Báčsky Petrovec : |b Slovenské vydavateľské centrum, |c 2020. | |
| 300 | |a 255 strán : |b portrét ; |c 19 cm. | ||
| 336 | |a text |b txt |2 rdacontent | ||
| 337 | |a bez média |b n |2 rdamedia | ||
| 338 | |a zväzok |b nc |2 rdacarrier | ||
| 366 | |e 100 kusov | ||
| 490 | 1 | |a Mosty |v 57. zväzok | |
| 500 | |a Obsahuje biografické údaje o autorovi | ||
| 655 | 7 | |a srbské romány |2 SVKKKPH | |
| 655 | 7 | |a Serbian fiction |2 SVKKKPHeng | |
| 700 | 1 | |a Gašpar, Miroslav |4 trl | |
| 700 | 1 | 2 | |a Vlahović, Radovan, |d 1958- |t Bapa |
| 830 | 0 | |a Mosty | |
| 910 | |a svkkk | ||
| 919 | |a 978-86-7103-545-3 | ||
| 998 | |a BK | ||
| 090 | |g SCKHL |k Sklad Hlavná 10 prízemie |a I.87440 |j 1117810 |i 2720901221 |s Absenčne | ||